Джуджето Дългоноско (Запис номер 190325)
[ съкратено ]
| 000 -Лидер | |
|---|---|
| Контролно поле с фиксирана дължина | 01425nam a2200385 c 4500 |
| 003 - Код на организацията, давaща контролен номер | |
| Контролно поле | BLK |
| 005 - Дата и час на последна редакция | |
| Контролно поле | 20221119163815.0 |
| 008 - Елементи от данни с фиксирана дължина | |
| fixed length control field | 180411b bul|||||r ||||||| ||bul|| |
| 010 ## - Наследен системен номер | |
| LC control number | KNG00199460000 |
| 020 ## - Международен стандартен номер на книга ISBN | |
| Международен стандартен номер на книга ISBN | 978-954-660-648-8 |
| -- | издат.: ПАН |
| 040 ## - Източник на каталожния запис | |
| Идентификатор на билиотеката - собственик на записа | BLK |
| 041 ## - Код за език | |
| Код за езика на текст/звукозапис или на отделно заглавие | Български |
| Код за езика КДБФ | Български |
| 072 #7 - Код за тематичната категория | |
| Код организация | bullib |
| Код за тематична категория | Н85 |
| Текст | Детска художествена литература Н |
| 080 ## - УДК | |
| Текстов определител УДК | Немска литература |
| УДК код - определител по УДК | 821.112.2 |
| УДК определител | -93-91 |
| УДК - код + определител | 821.112.2-93-91 |
| 139 ## - Редно поле | |
| Редна дума | Джуджето Дългоноско |
| Авторски знак | Джо - Д 52 |
| 245 10 - Сведения за заглавието | |
| Заглавие | Джуджето Дългоноско |
| Редно поле (дума) | худож. Спас Спасов; * Вилхелм Хауф. |
| 257 ## - Страна на издаване | |
| Страна на създаване/издаване | Германия |
| 260 ## - Област на издателските данни | |
| -- | София |
| Име на издателя, разпространителя и проч. | ПАН |
| Година на издаване | 2016 |
| 300 ## - Физическа характеристика | |
| Страници | 10 с. |
| Илюстрации и др. | с цв. ил. |
| Размери/Мащаб | 24Х22 см |
| 380 ## - Жанр | |
| Жанр | Детска худож. лит. |
| 490 1# - СЕРИИ (Колекции) | |
| Име на серия | Моята първа приказка |
| 500 ## - Общи забележки | |
| Забележка | Кор. загл. - Без сведение за ориг. загл. |
| 653 ## - Ключова дума – ненормативна | |
| Ключова дума | приказки |
| 653 ## - Ключова дума – ненормативна | |
| Ключова дума | адаптирани книги |
| 653 ## - Ключова дума – ненормативна | |
| Ключова дума | литература за деца |
| 653 ## - Ключова дума – ненормативна | |
| Ключова дума | детска литература |
| 659 ## - Тематичен бюлетин | |
| Тематичен бюлетин | Н |
| 700 1# - Други автори (авторска отговорност) | |
| Лично име | Спасов, Спас |
| Автороска отговорност (Описва отношението между автора и произведението) | худож. |
| 9 (RLIN) | 369723 |
| 700 1# - Други автори (авторска отговорност) | |
| Лично име | Хауф, Вилхелм |
| Автороска отговорност (Описва отношението между автора и произведението) | * |
| 9 (RLIN) | 368216 |
| 852 ## - Местоположение | |
| Форматна сигнатура | Цб 284151 |
| 856 4# - Електронен адрес и достъп | |
| Електронен формат | pdf - файл |
| Път до файла /url/ | |
| 856 4# - Електронен адрес и достъп | |
| Електронен формат | pdf - файл |
| Път до файла /url/ | |
| 942 ## - АРТИКУЛИ | |
| Вид на библиотечния материал | Книги |
| Скрит в OPAC | Не |
| Koha issues (borrowed), all copies | 9 |
| 944 ## - СЪЗДАВАНЕ И РЕДАКЦИЯ на ЗАПИСА | |
| Създаване/Редакция | Създаване |
| Дата на регистрацията/редакция | 27.01.2017 |
| Статус, дата на статуса | ф / |
| Служител, извършил регистрацията/редакцията | Виолета_Тройчева |
| 944 ## - СЪЗДАВАНЕ И РЕДАКЦИЯ на ЗАПИСА | |
| Създаване/Редакция | Редакция |
| Дата на регистрацията/редакция | 11.01.2018 |
| Статус, дата на статуса | ф / |
| Служител, извършил регистрацията/редакцията | Людмила_Стоянова |
| 999 ## - СИСТЕМНИ КОНТРОЛНИ НОМЕРА | |
| Koha biblionumber | 190325 |
| Koha biblioitemnumber | 190325 |
| Код за отписване | Код за изгубен артикул | Код за повреда | Коз за рестрикции | Код за отдаване | Артикулен № | Име на библиотеката - собственик | Име на библиотеката, в която се намира в момента | Статус (Текущо местоположение) | Дата на вписване в системата | Местоположение - отдел | Цена в лева | Инвентарен номер | Систематично азбучна сигнатура | Баркод | Номер на екземпляра | Цена в евро | Служебна бележка | Служебен тип на артикула |
|---|---|---|---|---|---|---|---|---|---|---|---|---|---|---|---|---|---|---|
| Изтеглен | Не е изгубен | Не е повреден | без рестрикции | заемане за дома | 334865 | Регионална библиотека "Любен Каравелов" Русе | Регионална библиотека "Любен Каравелов" Русе | Детски отдел | 2017-01-27 | Детски отдел | 2.20 | 120000808058 | ДХ 820/899/Д 52 | 120000808058 | 1 | 1.12 | Дост: Pk Вид: Ф N: 481 Дата: 27.01.2017 | Книги |
| Не е изгубен | Не е повреден | без рестрикции | ползва се в читалня | 334866 | Регионална библиотека "Любен Каравелов" Русе | Регионална библиотека "Любен Каравелов" Русе | Хранилище | 2017-10-13 | Хранилище | 2.20 | 120000815943 | Цб 284151 | 120000815943 | 2 | 1.12 | Дост: Dp Вид: Д N: 36 Дата: 04.08.2017 | Книги | |
| Изтеглен | Не е изгубен | Не е повреден | без рестрикции | заемане за дома | 334867 | Регионална библиотека "Любен Каравелов" Русе | Регионална библиотека "Любен Каравелов" Русе | Детски отдел | 2017-12-09 | Детски отдел | 2.20 | 120000817858 | ДХ 820/899/Д 52 | 120000817858 | 3 | 1.12 | Дост: DA Вид: А N: 43 Дата: 09.12.2017 | Книги |